| 000 | 00603nam a2200169 a 4500 | ||
|---|---|---|---|
| 005 | 20140412111354.0 | ||
| 008 | 050427s19uu xx 00 eng d | ||
| 050 |
_aTR(GS 372.7 _bC26 1987 |
||
| 100 | _aCasolaro, Nancy | ||
| 245 |
_aMath, bk. 1 : _bto develop your child's gift and talents / _cwritten by Nancy Casolaro ; illustrated by Susan Amerikaner and Ann Laner. |
||
| 260 |
_aNew York : _bPlaymore Inc. Publishers and Waldman Pub. Corp, _c1987. |
||
| 300 | _a48 p. | ||
| 440 | _aGifted & Talented Workbooks | ||
| 500 | _aages 6-8 | ||
| 650 |
_aMathematics _xStudy and teaching |
||
| 999 |
_c105378 _d105378 |
||